| LEADER | 01253nam a2200241 4500 | ||
|---|---|---|---|
| 082 | |a 807 |b L250TH | ||
| 100 | |a Lê Thị Hường | ||
| 245 | |a Ai đã đặt tên cho dòng sông? (Hoàng Phủ Ngọc Tường) |c Lê Thị Hường | ||
| 260 | |a H. |b Giáo dục |c 2008 | ||
| 300 | |a 59 tr. |c 24 cm. | ||
| 520 | |a v.v... | ||
| 653 | |a Văn học | ||
| 653 | |a Ngữ văn | ||
| 653 | |a Lớp 12 | ||
| 653 | |a Dạy học | ||
| 653 | |a Học tập | ||
| 942 | |2 ddc |c STK0 | ||
| 999 | |c 9045 |d 9045 | ||
| 952 | |0 0 |1 0 |2 ddc |4 0 |6 807_000000000000000_L250TH |7 0 |8 800 |9 73936 |a qbu |b qbu |c D5 |d 2015-05-05 |g 10000 |o 807 L250TH |p 8666.c1 |r 0000-00-00 |w 2015-05-05 |y STK0 | ||
| 952 | |0 0 |1 0 |2 ddc |4 0 |6 807_000000000000000_L250TH |7 0 |8 800 |9 73937 |a qbu |b qbu |c D5 |d 2015-05-05 |g 10000 |o 807 L250TH |p 8666.c2 |r 0000-00-00 |w 2015-05-05 |y STK0 | ||
| 952 | |0 0 |1 0 |2 ddc |4 0 |6 807_000000000000000_L250TH |7 0 |8 800 |9 73938 |a qbu |b qbu |c D5 |d 2015-05-05 |g 10000 |o 807 L250TH |p 8666.c3 |r 0000-00-00 |w 2015-05-05 |y STK0 | ||
| 952 | |0 0 |1 0 |2 ddc |4 0 |6 807_000000000000000_L250TH |7 0 |8 800 |9 73939 |a qbu |b qbu |c D5 |d 2015-05-05 |g 10000 |o 807 L250TH |p 8666.c4 |r 0000-00-00 |w 2015-05-05 |y STK0 | ||
| 952 | |0 0 |1 0 |2 ddc |4 0 |6 807_000000000000000_L250TH |7 0 |8 800 |9 73940 |a qbu |b qbu |c D5 |d 2015-05-05 |g 10000 |o 807 L250TH |p 8666.c5 |r 0000-00-00 |w 2015-05-05 |y STK0 | ||